Normal view
MARC view
- Mazidi, Janice Gillispie McKinlay, Rolin D
Entry Corporate Name
001 - CONTROL NUMBER
- control field: 112892
003 - CONTROL NUMBER IDENTIFIER
- control field: NUST
005 - DATE AND TIME OF LATEST TRANSACTION
- control field: 20230531095916.0
008 - FIXED-LENGTH DATA ELEMENTS
- fixed length control field: 230531|| aca||aabn | a|a d
040 ## - CATALOGING SOURCE
- Original cataloging agency: NUST
- Transcribing agency: NUST
110 ## - HEADING--CORPORATE NAME
- Corporate name or jurisdiction name as entry element: Mazidi, Janice Gillispie McKinlay, Rolin D
670 ## - SOURCE DATA FOUND
- Source citation: Work cat.: (NUST): Mazidi, Muhammad Ali 18480, The 8051 Microcontroller and Embedded Systems: , 2013
